[Event "ZN-2014-0-02543"]
[Site "LSS email"]
[Date "2014.01.06"]
[Round "?"]
[White "Holmquist, Marson C"]
[Black "Raines, David T"]
[Result "0-1"]
[WhiteElo "622"]
[BlackElo "898"]
[PlyCount "54"]
[EventDate "2014.01.01"]
[EventType "match (corr)"]
[EventRounds "2"]
[EventCountry "GER"]
[SourceTitle "Telechess CBM 167"]
[Source "ChessBase"]
[SourceDate "2015.07.13"]
[SourceVersion "1"]
[SourceVersionDate "2015.07.13"]
[SourceQuality "1"]

1. e4 c5 2. Nf3 d6 3. d4 cxd4 4. Nxd4 Nf6 5. Bb5+ Bd7 6. Qd3 a6 7. Bxd7+ Qxd7 8. h3 e6 9. 0-0 Be7 10. Re1 0-0 11. Bg5 Nc6 12. Nxc6 Qxc6 13. e5 Nd5 14. Qg3 Bxg5 15. exd6 Bh6 16. Nd2 Bxd2 17. Red1 Bf4 18. Qg4 Bxd6 19. Qe4 Rad8 20. Qg4 Bb8 21. Rd2 Qc7 22. Rd3 Qh2+ 23. Kf1 Qh1+ 24. Ke2 Qxa1 25. Rg3 Bxg3 26. Qxg3 Qxb2 27. Kf3 Qc3+ 0-1

[Event "SN-2013-0-00559"]
[Site "LSS email"]
[Date "2013.12.15"]
[Round "?"]
[White "Linart, Ludvik"]
[Black "Holmquist, Marson C"]
[Result "1-0"]
[WhiteElo "904"]
[BlackElo "622"]
[PlyCount "59"]
[EventDate "2013.12.04"]
[EventType "tourn (corr)"]
[EventRounds "6"]
[EventCountry "GER"]
[SourceTitle "Telechess CBM 167"]
[Source "ChessBase"]
[SourceDate "2015.07.13"]
[SourceVersion "1"]
[SourceVersionDate "2015.07.13"]
[SourceQuality "1"]

1. d4 d5 2. c4 Nf6 3. Nc3 e6 4. Nf3 Bb4 5. e3 Ne4 6. Bd2 Bd7 7. Nxe4 Bxd2+ 8. Nexd2 c6 9. cxd5 cxd5 10. Ne5 Bc8 11. Bd3 Nd7 12. 0-0 Nxe5 13. dxe5 0-0 14. Qh5 g6 15. Qh6 a6 16. Nf3 f6 17. Nh4 f5 18. f4 Qe7 19. Rf3 Rf7 20. Rg3 Rg7 21. Rc1 b5 22. Rh3 Bb7 23. Nf3 Rc8 24. Rxc8+ Bxc8 25. Ng5 b4 26. Qh4 Bb7 27. Qe1 Ba8 28. Bxa6 Qa7 29. Qxb4 Qxa6 30. Qb8+ 1-0

[Event "SN-2013-0-00559"]
[Site "LSS email"]
[Date "2013.12.14"]
[Round "?"]
[White "Lebduska, Daniel"]
[Black "Holmquist, Marson C"]
[Result "1-0"]
[WhiteElo "620"]
[BlackElo "622"]
[PlyCount "69"]
[EventDate "2013.12.04"]
[EventType "tourn (corr)"]
[EventRounds "6"]
[EventCountry "GER"]
[SourceTitle "Telechess CBM 167"]
[Source "ChessBase"]
[SourceDate "2015.07.13"]
[SourceVersion "1"]
[SourceVersionDate "2015.07.13"]
[SourceQuality "1"]

1. e4 e5 2. Nf3 d6 3. h3 Be6 4. Nc3 Be7 5. d4 exd4 6. Qxd4 Nf6 7. Ng5 Nc6 8. Qd2 d5 9. Nxe6 fxe6 10. a3 dxe4 11. Qf4 Nd4 12. Qd2 e5 13. Nb5 0-0 14. Nxd4 exd4 15. Bc4+ Kh8 16. 0-0 c5 17. b4 Qc7 18. Bb2 Rad8 19. Qc1 d3 20. cxd3 cxb4 21. a4 a5 22. Qe3 Bc5 23. Qd2 Rd6 24. Kh1 Rxd3 25. Qg5 Rd2 26. Be5 Qd7 27. Bxf6 Bxf2 28. Bxg7+ Qxg7 29. Qxd2 Bd4 30. Rae1 Rc8 31. Rf7 Qxf7 32. Bxf7 Rd8 33. Rxe4 b3 34. Rxd4 Rxd4 35. Qxd4# 1-0

[Event "ZN-2013-0-02505"]
[Site "LSS email"]
[Date "2013.12.02"]
[Round "?"]
[White "Simmons, Ernest"]
[Black "Holmquist, Marson C"]
[Result "0-1"]
[WhiteElo "605"]
[BlackElo "628"]
[PlyCount "64"]
[EventDate "2013.11.24"]
[EventType "match (corr)"]
[EventRounds "2"]
[EventCountry "GER"]
[SourceTitle "Telechess CBM 167"]
[Source "ChessBase"]
[SourceDate "2015.07.13"]
[SourceVersion "1"]
[SourceVersionDate "2015.07.13"]
[SourceQuality "1"]

1. d4 d5 2. c4 c6 3. Nc3 Nf6 4. e3 e6 5. c5 Be7 6. Nf3 b6 7. b4 a6 8. Bd3 Qc7 9. Ne5 0-0 10. 0-0 Nbd7 11. Nf3 a5 12. bxa5 Rxa5 13. Bd2 bxc5 14. Nxd5 cxd5 15. Bxa5 Qxa5 16. Qc2 Qc7 17. Ng5 Ne4 18. Nxe4 dxe4 19. Bxe4 Nf6 20. Bf3 Bd6 21. g3 Bd7 22. dxc5 Bxc5 23. Rac1 Rc8 24. Qb2 Qa5 25. Rc3 Bf8 26. Rxc8 Bxc8 27. Qc2 Ba6 28. Be2 Bb7 29. Ra1 Qd5 30. f3 Bc5 31. Qc1 Ng4 32. h3 Bxe3+ 0-1

[Event "SN-2013-0-00548"]
[Site "LSS email"]
[Date "2013.10.31"]
[Round "?"]
[White "Holmquist, Marson C"]
[Black "Pauk, Jozef"]
[Result "0-1"]
[WhiteElo "628"]
[BlackElo "781"]
[PlyCount "31"]
[EventDate "2013.10.09"]
[EventType "tourn (corr)"]
[EventRounds "6"]
[EventCountry "GER"]
[SourceTitle "Telechess CBM 167"]
[Source "ChessBase"]
[SourceDate "2015.07.13"]
[SourceVersion "1"]
[SourceVersionDate "2015.07.13"]
[SourceQuality "1"]

1. d4 d5 2. c4 e6 3. Qc2 c6 4. e3 Nf6 5. Bd3 Ng4 6. Ne2 Bd6 7. h3 Nf6 8. 0-0 e5 9. c5 Bc7 10. dxe5 Bxe5 11. Nd2 Qc7 12. f4 Nbd7 13. fxe5 Nxe5 14. b4 Neg4 15. hxg4 Nxg4 16. Nc3 0-1

[Event "ZN-2013-0-02474"]
[Site "LSS email"]
[Date "2013.10.26"]
[Round "?"]
[White "Cherry, Brian"]
[Black "Holmquist, Marson C"]
[Result "0-1"]
[WhiteElo "653"]
[BlackElo "610"]
[PlyCount "42"]
[EventDate "2013.10.20"]
[EventType "match (corr)"]
[EventRounds "2"]
[EventCountry "GER"]
[SourceTitle "Telechess CBM 163"]
[Source "ChessBase"]
[SourceDate "2014.11.11"]
[SourceVersion "2"]
[SourceVersionDate "2014.11.11"]
[SourceQuality "1"]

1. e4 c5 2. Nf3 Nc6 3. Bb5 Nd4 4. Nxd4 cxd4 5. d3 a6 6. Ba4 b5 7. Bb3 Bb7 8. Qf3 e6 9. c3 d5 10. e5 Qc7 11. Bf4 g5 12. Bg3 Bg7 13. Qe2 Nh6 14. h3 Nf5 15. Bh2 dxc3 16. bxc3 d4 17. g4 Nh4 18. Rf1 Nf3+ 19. Kd1 Nxh2 20. Rh1 Bxe5 21. c4 Bxh1 0-1

[Event "ZN-2013-0-02474"]
[Site "LSS email"]
[Date "2013.10.26"]
[Round "?"]
[White "Holmquist, Marson C"]
[Black "Cherry, Brian"]
[Result "1-0"]
[WhiteElo "610"]
[BlackElo "653"]
[PlyCount "33"]
[EventDate "2013.10.20"]
[EventType "match (corr)"]
[EventRounds "2"]
[EventCountry "GER"]
[SourceTitle "Corr 2015"]
[Source "ChessBase"]
[SourceDate "2015.07.17"]
[SourceVersion "1"]
[SourceVersionDate "2015.07.17"]
[SourceQuality "1"]

1. d4 d5 2. c4 Nf6 3. Nc3 c6 4. Nf3 h6 5. e3 e6 6. Bd3 Bb4 7. Qb3 Qe7 8. 0-0 Ba5 9. Bd2 b6 10. Ne5 Nbd7 11. Nxc6 Qd6 12. Nxa5 bxa5 13. Nb5 Qe7 14. Bxa5 Rb8 15. Bb4 Qd8 16. Nd6+ Kf8 17. Nb7+ 1-0

[Event "ZN-2013-0-02395"]
[Site "LSS email"]
[Date "2013.08.02"]
[Round "?"]
[White "Lauer, Fredric"]
[Black "Holmquist, Marson C"]
[Result "1-0"]
[WhiteElo "1122"]
[BlackElo "593"]
[PlyCount "63"]
[EventDate "2013.07.29"]
[EventType "match (corr)"]
[EventRounds "2"]
[EventCountry "GER"]
[SourceTitle "Telechess CBM 165"]
[Source "ChessBase"]
[SourceDate "2015.03.11"]
[SourceVersion "1"]
[SourceVersionDate "2015.03.11"]
[SourceQuality "1"]

1. Nf3 d5 2. g3 c5 3. Bg2 Nf6 4. 0-0 e6 5. c4 Bd6 6. cxd5 Nxd5 7. e4 Nb6 8. d4 cxd4 9. Qxd4 0-0 10. Be3 Qe7 11. Nc3 e5 12. Qd3 Be6 13. Bxb6 axb6 14. a3 Nd7 15. Rad1 Bc5 16. Nd5 Qd8 17. b4 Be7 18. Rfe1 b5 19. Qxb5 Nf6 20. Nxf6+ Bxf6 21. Rxd8 Rfxd8 22. Nxe5 Rxa3 23. Nf3 Bd7 24. Qxb7 Bg4 25. e5 Bxf3 26. exf6 gxf6 27. Qe7 Rf8 28. Qxf6 Bh5 29. Be4 Re8 30. Bxh7+ Kxh7 31. Rxe8 Rd3 32. Rh8# 1-0

[Event "SN-2013-0-00522"]
[Site "LSS email"]
[Date "2013.07.04"]
[Round "?"]
[White "Linart, Ludvik"]
[Black "Holmquist, Marson C"]
[Result "1-0"]
[WhiteElo "869"]
[BlackElo "474"]
[PlyCount "51"]
[EventDate "2013.06.21"]
[EventType "tourn (corr)"]
[EventRounds "6"]
[EventCountry "GER"]
[SourceTitle "Telechess CBM 163"]
[Source "ChessBase"]
[SourceDate "2014.11.11"]
[SourceVersion "2"]
[SourceVersionDate "2014.11.11"]
[SourceQuality "1"]

1. d4 d5 2. c4 e6 3. Nc3 c6 4. Nf3 Nf6 5. c5 b6 6. cxb6 axb6 7. e3 Bb4 8. Bd2 0-0 9. Bd3 Re8 10. 0-0 Bd6 11. Qc2 Ba6 12. a3 Bxd3 13. Qxd3 c5 14. Qb5 Qc7 15. Na4 Nbd7 16. b4 c4 17. Nc3 Ng4 18. h3 Ngf6 19. a4 e5 20. dxe5 Nxe5 21. Nxe5 Rxe5 22. f4 Rh5 23. f5 Bh2+ 24. Kh1 Re8 25. Nxd5 Nxd5 26. Qxe8# 1-0

[Event "ZN-2013-0-02293"]
[Site "LSS email"]
[Date "2013.05.06"]
[Round "?"]
[White "Huseby, Juan Carlos"]
[Black "Holmquist, Marson C"]
[Result "1/2-1/2"]
[WhiteElo "582"]
[BlackElo "474"]
[PlyCount "82"]
[EventDate "2013.04.29"]
[EventType "match (corr)"]
[EventRounds "2"]
[EventCountry "GER"]
[SourceTitle "Telechess CBM 161"]
[Source "ChessBase"]
[SourceDate "2014.07.16"]
[SourceVersion "1"]
[SourceVersionDate "2014.07.16"]
[SourceQuality "1"]

1. f4 c5 2. f5 Nf6 3. d3 d5 4. e4 dxe4 5. dxe4 Nxe4 6. Bb5+ Bd7 7. Bxd7+ Nxd7 8. Nf3 c4 9. Bf4 e5 10. Be3 Bb4+ 11. c3 Ba5 12. Qd5 Ndc5 13. Qxe5+ Qe7 14. Qxe7+ Kxe7 15. Bxc5+ Nxc5 16. Ke2 Rhe8 17. Rf1 Kf8+ 18. Kf2 Ne4+ 19. Kg1 Bb6+ 20. Nd4 Re5 21. Rf4 Rd8 22. g4 Bxd4+ 23. cxd4 Rxd4 24. Nc3 Re7 25. Nd5 Rd7 26. Ne3 Nd2 27. Rxd4 Rxd4 28. Kf2 Ne4+ 29. Kg2 f6 30. b3 Rd2+ 31. Kf3 Ng5+ 32. Kg3 cxb3 33. axb3 Ne4+ 34. Kf3 Ng5+ 35. Kg3 b5 36. Rxa7 Rd3 37. Ra8+ Kf7 38. Ra7+ Kg8 39. Ra8+ Kf7 40. Ra7+ Kg8 41. Ra8+ Kf7 1/2-1/2

[Event "ZN-2013-0-02284"]
[Site "LSS email"]
[Date "2013.04.27"]
[Round "?"]
[White "Lauer, Fredric"]
[Black "Holmquist, Marson C"]
[Result "1-0"]
[WhiteElo "989"]
[BlackElo "474"]
[PlyCount "37"]
[EventDate "2013.04.19"]
[EventType "match (corr)"]
[EventRounds "2"]
[EventCountry "GER"]
[SourceTitle "Corr 2015"]
[Source "ChessBase"]
[SourceDate "2015.07.17"]
[SourceVersion "1"]
[SourceVersionDate "2015.07.17"]
[SourceQuality "1"]

1. b3 Nf6 2. Bb2 e6 3. Nf3 Be7 4. e3 0-0 5. Be2 Ng4 6. h3 Bh4 7. hxg4 Nc6 8. Rxh4 Re8 9. Nc3 Ne5 10. Nxe5 Qxh4 11. Bf3 Qh1+ 12. Ke2 Qh6 13. Qh1 Qg5 14. Ne4 Qe7 15. g5 d5 16. Nf6+ Kf8 17. Qxh7 Qd6 18. Qg8+ Ke7 19. Qxe8# 1-0

[Event "SN-2013-0-00503"]
[Site "LSS email"]
[Date "2013.04.18"]
[Round "?"]
[White "Holmquist, Marson C"]
[Black "Huseby, Juan Carlos"]
[Result "0-1"]
[WhiteElo "474"]
[BlackElo "582"]
[PlyCount "128"]
[EventDate "2013.04.03"]
[EventType "tourn (corr)"]
[EventRounds "6"]
[EventCountry "GER"]
[SourceTitle "Telechess CBM 161"]
[Source "ChessBase"]
[SourceDate "2014.07.16"]
[SourceVersion "1"]
[SourceVersionDate "2014.07.16"]
[SourceQuality "1"]

1. e4 e5 2. f4 Qh4+ 3. g3 Qf6 4. f5 Bc5 5. Nf3 Qb6 6. Qe2 Nf6 7. d3 Bf2+ 8. Qxf2 Qxf2+ 9. Kxf2 Ng4+ 10. Ke1 Nc6 11. Nc3 Nb4 12. Kd2 Nf2 13. Rg1 d6 14. Rg2 Ng4 15. d4 exd4 16. Nxd4 Ne5 17. Bb5+ Bd7 18. a3 Bxb5 19. Ndxb5 Na6 20. Nd5 Nc4+ 21. Kd3 Ne5+ 22. Kc3 0-0 23. Nbxc7 Nxc7 24. Nxc7 Rac8 25. Kb3 Rxc7 26. Bf4 Nc6 27. Bxd6 Nd4+ 28. Ka2 Rxc2 29. Rxc2 Nxc2 30. Rc1 Rc8 31. Kb3 Nd4+ 32. Ka2 Rxc1 33. Be5 Nf3 34. Bc3 Nxh2 35. Bd4 b6 36. e5 Nf3 37. e6 fxe6 38. Be3 exf5 39. b4 Rc3 40. Bf4 h6 41. a4 g5 42. Kb2 gxf4 43. gxf4 Rc4 44. Kb3 Rxf4 45. a5 b5 46. Kc3 Rc4+ 47. Kd3 Ne5+ 48. Ke3 f4+ 49. Kf2 Rxb4 50. a6 Rb3 51. Kf1 f3 52. Kf2 h5 53. Kf1 Rb2 54. Ke1 f2+ 55. Kf1 h4 56. Kg2 Nd3 57. Kf1 Rb1+ 58. Ke2 f1Q+ 59. Kd2 Nb4 60. Ke3 Qd3+ 61. Kf2 Rf1+ 62. Kg2 h3+ 63. Kh2 Rf2+ 64. Kh1 Qf1# 0-1

[Event "SN-2013-0-00499"]
[Site "LSS email"]
[Date "2013.04.04"]
[Round "?"]
[White "Holmquist, Marson C"]
[Black "Ballarin, Sandro"]
[Result "0-1"]
[WhiteElo "593"]
[BlackElo "863"]
[PlyCount "80"]
[EventDate "2013.03.14"]
[EventType "tourn (corr)"]
[EventRounds "6"]
[EventCountry "GER"]
[SourceTitle "Telechess CBM 165"]
[Source "ChessBase"]
[SourceDate "2015.03.11"]
[SourceVersion "1"]
[SourceVersionDate "2015.03.11"]
[SourceQuality "1"]

1. e4 e5 2. Nf3 Nc6 3. Bb5 Nd4 4. Nxd4 exd4 5. c3 a6 6. Be2 d5 7. Qa4+ Qd7 8. Qxd4 c5 9. Qxd5 Qxd5 10. exd5 Nf6 11. c4 Bf5 12. 0-0 Bd6 13. Re1 0-0 14. Nc3 Rfe8 15. b3 Nh5 16. Bb2 Nf4 17. a4 Nd3 18. Bxd3 Bxd3 19. Re3 Bc2 20. Rae1 Rxe3 21. dxe3 Bxb3 22. e4 Bxc4 23. e5 Bc7 24. d6 Ba5 25. Rd1 Bxc3 26. Bxc3 b6 27. d7 Rd8 28. f4 Be6 29. Kf2 Rxd7 30. Rb1 Rb7 31. h3 h5 32. h4 b5 33. axb5 axb5 34. Ke2 b4 35. Kd3 Bf5+ 36. Kc4 Bxb1 37. Bb2 b3 38. f5 Bxf5 39. g3 f6 40. Ba3 b2 0-1

[Event "SN-2013-0-00499"]
[Site "LSS email"]
[Date "2013.04.04"]
[Round "?"]
[White "Villar, Jeremias"]
[Black "Holmquist, Marson C"]
[Result "1-0"]
[WhiteElo "928"]
[BlackElo "593"]
[PlyCount "53"]
[EventDate "2013.03.14"]
[EventType "tourn (corr)"]
[EventRounds "6"]
[EventCountry "GER"]
[SourceTitle "Telechess CBM 165"]
[Source "ChessBase"]
[SourceDate "2015.03.11"]
[SourceVersion "1"]
[SourceVersionDate "2015.03.11"]
[SourceQuality "1"]

1. d4 d5 2. Nf3 Nc6 3. c4 b6 4. Nc3 e6 5. Qb3 Na5 6. Qc2 Nxc4 7. e3 Bb4 8. Bxc4 dxc4 9. Ne5 Nf6 10. Qa4+ Bd7 11. Qxb4 Nd5 12. Qxc4 a6 13. Nxd5 0-0 14. Nc3 f6 15. Nf3 b5 16. Qc5 a5 17. Nxb5 c6 18. Nc3 Qc7 19. 0-0 f5 20. Ne5 Rab8 21. b3 f4 22. Nb5 Rxb5 23. Qe7 Rd5 24. Ba3 Re8 25. Qf7+ Kh8 26. Bf8 Qc8 27. Qxg7# 1-0

[Event "ZN-2013-0-02234"]
[Site "LSS email"]
[Date "2013.03.17"]
[Round "?"]
[White "Huseby, Juan Carlos"]
[Black "Holmquist, Marson C"]
[Result "0-1"]
[WhiteElo "535"]
[BlackElo "557"]
[PlyCount "58"]
[EventDate "2013.03.11"]
[EventType "match (corr)"]
[EventRounds "2"]
[EventCountry "GER"]
[SourceTitle "Telechess CBM 159"]
[Source "ChessBase"]
[SourceDate "2014.03.17"]
[SourceVersion "1"]
[SourceVersionDate "2014.03.17"]
[SourceQuality "1"]

1. f4 d5 2. Nf3 Nf6 3. Nc3 Nc6 4. d4 Nb4 5. a3 Nc6 6. Be3 Bg4 7. Ng5 Bh5 8. h3 e6 9. g4 Bg6 10. Bg2 Bd6 11. f5 exf5 12. Bxd5 Bg3+ 13. Kd2 Nxd5 14. Nf3 Nxe3 15. Kxe3 Qe7+ 16. Kd3 fxg4+ 17. Kc4 gxf3 18. exf3 0-0-0 19. Nd5 Na5+ 20. Kb5 Rxd5+ 21. Ka4 Nc4 22. Kb3 Ne3 23. Qe2 Bxc2+ 24. Qxc2 Nxc2 25. Kxc2 Qe2+ 26. Kb3 Rxd4 27. Rac1 Rd3+ 28. Ka2 Be5 29. Rb1 Rd2 0-1

[Event "ZN-2013-0-02215"]
[Site "LSS email"]
[Date "2013.02.24"]
[Round "?"]
[White "Holmquist, Marson C"]
[Black "Meyer, Frank"]
[Result "0-1"]
[WhiteElo "557"]
[BlackElo "878"]
[PlyCount "80"]
[EventDate "2013.02.21"]
[EventType "match (corr)"]
[EventRounds "2"]
[EventCountry "GER"]
[SourceTitle "Telechess CBM 159"]
[Source "ChessBase"]
[SourceDate "2014.03.17"]
[SourceVersion "1"]
[SourceVersionDate "2014.03.17"]
[SourceQuality "1"]

1. e4 c5 2. Nf3 Nc6 3. d4 cxd4 4. Nxd4 e6 5. Nxc6 bxc6 6. Bd3 Bc5 7. 0-0 Ne7 8. Nd2 0-0 9. b3 Ng6 10. Bb2 Qg5 11. Be2 d5 12. Nf3 Qe7 13. Nd4 Qc7 14. exd5 cxd5 15. Nb5 Qb6 16. Re1 Bxf2+ 17. Kh1 Bxe1 18. Qxe1 Ba6 19. Qc3 f6 20. Nd4 Rac8 21. Qd2 Bxe2 22. Qxe2 e5 23. Nf5 Rc6 24. Ba3 Rf7 25. Rf1 Rfc7 26. c4 dxc4 27. Qg4 c3 28. Rc1 Qa5 29. Bd6 Rc8 30. Bb4 Qxa2 31. Qe4 Qxb3 32. Rb1 Qa4 33. Qd5+ Kh8 34. Qf7 R6c7 35. Be7 Rxe7 36. Nxe7 Nxe7 37. Qxe7 c2 38. Rc1 Qa1 39. Rxa1 c1Q+ 40. Rxc1 Rxc1# 0-1

[Event "SN-2013-0-00491"]
[Site "LSS email"]
[Date "2013.02.17"]
[Round "?"]
[White "Puri, Chaand"]
[Black "Holmquist, Marson C"]
[Result "1/2-1/2"]
[WhiteElo "566"]
[BlackElo "622"]
[PlyCount "70"]
[EventDate "2013.02.01"]
[EventType "tourn (corr)"]
[EventRounds "6"]
[EventCountry "GER"]
[SourceTitle "Telechess CBM 167"]
[Source "ChessBase"]
[SourceDate "2015.07.13"]
[SourceVersion "1"]
[SourceVersionDate "2015.07.13"]
[SourceQuality "1"]

1. d4 d5 2. Bf4 e6 3. Nf3 Nc6 4. e3 Bb4+ 5. c3 Bd6 6. Bd3 f5 7. 0-0 Bxf4 8. exf4 Nf6 9. Re1 0-0 10. b4 a6 11. a4 a5 12. b5 Ne7 13. c4 Ng6 14. c5 Nxf4 15. Nc3 N6h5 16. g3 Nxd3 17. Qxd3 c6 18. b6 Nf6 19. Ng5 Ng4 20. h4 h5 21. f3 Nf6 22. Nxe6 Bxe6 23. Rxe6 Qc8 24. Qxf5 Nh7 25. Qe5 Re8 26. Rxe8+ Qxe8 27. g4 hxg4 28. fxg4 Kh8 29. Rf1 Qd7 30. g5 Qg4+ 31. Kf2 Rf8+ 32. Ke1 Qxh4+ 33. Ke2 Qg4+ 34. Kd2 Qg2+ 35. Qe2 Qxe2+ 1/2-1/2

[Event "ZN-2013-0-02184"]
[Site "LSS email"]
[Date "2013.01.22"]
[Round "?"]
[White "Holmquist, Marson C"]
[Black "Truck, Antoine"]
[Result "0-1"]
[WhiteElo "557"]
[BlackElo "880"]
[PlyCount "102"]
[EventDate "2013.01.18"]
[EventType "match (corr)"]
[EventRounds "2"]
[EventCountry "GER"]
[SourceTitle "Telechess CBM 159"]
[Source "ChessBase"]
[SourceDate "2014.03.17"]
[SourceVersion "1"]
[SourceVersionDate "2014.03.17"]
[SourceQuality "1"]

1. d4 e6 2. e4 d5 3. exd5 Qxd5 4. Nf3 Nc6 5. Nc3 Nh6 6. Ng5 Be7 7. Nb5 Qd7 8. Be2 Nf5 9. c3 a6 10. 0-0 axb5 11. Bh5 g6 12. Bf3 Nh4 13. Bg4 h5 14. Be2 Qd5 15. Bf3 Nxf3+ 16. Nxf3 g5 17. Ne5 Nxe5 18. dxe5 Qxe5 19. Re1 Qc5 20. Be3 Qc6 21. Qd4 0-0 22. Qe5 f6 23. Qg3 h4 24. Qg4 Rf7 25. b4 Rh7 26. h3 e5 27. Qe2 Qxc3 28. Qxb5 c6 29. Qe2 Bxb4 30. Rac1 Qa3 31. Qc4+ Rf7 32. Red1 Kg7 33. Rb1 Ra4 34. Bc1 Qc3 35. Qf1 Rd7 36. Bb2 Qc2 37. Rxd7+ Bxd7 38. a3 Bxa3 39. Ba1 b5 40. Rd1 Be6 41. Rd8 Bc4 42. Qe1 Bb4 43. Qd1 Qa2 44. Qd7+ Kg6 45. Qe8+ Bf7 46. Qxc6 Qxa1+ 47. Kh2 Qe1 48. Rd6 Bxd6 49. Qxd6 Ra1 50. Qd3+ e4 51. Qxb5 Qh1# 0-1

[Event "SN-2013-0-00485"]
[Site "LSS email"]
[Date "2013.01.22"]
[Round "?"]
[White "Holmquist, Marson C"]
[Black "Villar, Jeremias"]
[Result "1/2-1/2"]
[WhiteElo "593"]
[BlackElo "928"]
[PlyCount "122"]
[EventDate "2013.01.08"]
[EventType "tourn (corr)"]
[EventRounds "6"]
[EventCountry "GER"]
[SourceTitle "Telechess CBM 163"]
[Source "ChessBase"]
[SourceDate "2014.11.11"]
[SourceVersion "2"]
[SourceVersionDate "2014.11.11"]
[SourceQuality "1"]

1. e4 c5 2. Nf3 d6 3. Bc4 e6 4. 0-0 a6 5. a3 Nc6 6. d3 h6 7. c3 Nf6 8. Re1 Be7 9. d4 b5 10. Bd3 cxd4 11. cxd4 0-0 12. e5 dxe5 13. dxe5 Nd5 14. Bd2 b4 15. axb4 Ncxb4 16. Be4 Bb7 17. Nc3 f6 18. Nh4 fxe5 19. Ng6 Rf6 20. Nxe5 Nxc3 21. Bxc3 Bxe4 22. Bxb4 Bd5 23. Bxe7 Qxe7 24. Qc2 Rf5 25. Ng6 Qg5 26. Ne7+ Qxe7 27. Qxf5 Rf8 28. Qxd5 Rxf2 29. Rxe6 Qa7 30. Re8+ Kh7 31. Qg8+ Kg6 32. Re6+ Kg5 33. Qd8+ Kg4 34. Re4+ Rf4+ 35. Kh1 Rxe4 36. h3+ Kg3 37. Qd6+ Kh4 38. Kh2 Qf2 39. Ra3 Rf4 40. Qg6 Qxb2 41. Qg3+ Kh5 42. Ra5+ g5 43. Rxa6 Qe2 44. Ra1 Qe5 45. Ra4 Qf6 46. Rxf4 Qxf4 47. Qxf4 gxf4 48. Kg1 Kh4 49. Kf2 Kg5 50. Kf3 h5 51. g3 fxg3 52. Kxg3 h4+ 53. Kh2 Kf4 54. Kg2 Ke3 55. Kh2 Kf3 56. Kg1 Kg3 57. Kh1 Kxh3 58. Kg1 Kg3 59. Kh1 h3 60. Kg1 h2+ 61. Kh1 Kh3 1/2-1/2